000 00279nam a2200109Ia 4500
008 171211s9999 xx 000 0 und d
245 4 _aThe Fantasy Artroom
245 _cAaron Pocock
260 _c2016
650 _xDesign
856 _uhttp://down.ebook777.com/059/0486801241.pdf
999 _c347971
_d347971